[Event "TUR-chT 2nd League"]
[Site "Konya"]
[Date "2019.07.23"]
[Round "3.14"]
[White "Morchiashvili, Bachana"]
[Black "Unal, Osman"]
[Result "1-0"]
[WhiteElo "2335"]
[BlackElo "1860"]
[PlyCount "116"]
[EventDate "2019.07.22"]
[EventType "team-swiss"]
[EventRounds "9"]
[EventCountry "TUR"]
[SourceTitle "CBM 191 Extra"]
[Source "ChessBase"]
[SourceDate "2019.09.30"]
[SourceVersion "1"]
[SourceVersionDate "2019.09.30"]
[SourceQuality "1"]
[WhiteTeam "Altin Hamle Corum"]
[BlackTeam "Gulbahcesi Egitim"]
[WhiteTeamCountry "TUR"]
[BlackTeamCountry "TUR"]

1. d4 d5 2. Nf3 Nf6 3. c4 e6 4. Nc3 Nbd7 5. Bg5 Be7 6. e3 h6 7. Bh4 0-0 8. Bd3 c5 9. cxd5 Nxd5 10. Bxe7 Nxe7 11. 0-0 cxd4 12. Nxd4 a6 13. Rc1 b5 14. Be4 Rb8 15. Qf3 Nf6 16. Nc6 Nxc6 17. Bxc6 Qb6 18. Ne4 Nxe4 19. Qxe4 Rd8 20. Rfd1 Rxd1+ 21. Rxd1 Bb7 22. Bxb7 Rxb7 23. h4 Rb8 24. g3 Qc7 25. a3 Rc8 26. Kg2 g6 27. Rd3 Qc6 28. Rd8+ Kg7 29. Qxc6 Rxc6 30. Kf3 Kf6 31. Rd7 h5 32. Ra7 e5 33. b3 Ke6 34. a4 bxa4 35. bxa4 f5 36. a5 Kd5 37. Rb7 Rc5 38. Rg7 Rc6 39. Rd7+ Ke6 40. Ra7 Kd5 41. Ra8 Kd6 42. e4 Kd7 43. exf5 gxf5 44. Rf8 Ke6 45. Rb8 Kd5 46. Ke3 Rc3+ 47. Kd2 Rc6 48. f3 Ke6 49. Kd3 Kd5 50. Ra8 Ke6 51. Ra7 Kd5 52. Rd7+ Ke6 53. Rb7 Kd5 54. Rb8 Ke6 55. g4 Rd6+ 56. Ke3 fxg4 57. fxg4 hxg4 58. Kf2 Rd3 1-0

[Event "TUR-chT 2nd League"]
[Site "Konya"]
[Date "2018.07.22"]
[Round "9.10"]
[White "Unal, Osman"]
[Black "Aydin, Kaan Ayhan"]
[Result "1-0"]
[WhiteElo "1855"]
[BlackElo "1910"]
[PlyCount "53"]
[EventDate "2018.07.16"]
[EventType "team-swiss"]
[EventRounds "9"]
[EventCountry "TUR"]
[SourceTitle "EXT 2019"]
[Source "ChessBase"]
[SourceDate "2018.10.10"]
[SourceVersion "1"]
[SourceVersionDate "2018.10.10"]
[SourceQuality "1"]
[WhiteTeam "Gulbahcesi Egitim"]
[BlackTeam "Marmara Universitesi"]
[WhiteTeamCountry "TUR"]
[BlackTeamCountry "TUR"]

1. e4 e6 2. d4 d5 3. exd5 exd5 4. h3 Bd6 5. Nf3 Nc6 6. Bd3 Nb4 7. Be2 Bf5 8. Na3 Nf6 9. c3 Nc6 10. 0-0 Qd7 11. Nb5 0-0-0 12. Nxd6+ Qxd6 13. Bg5 h6 14. Bh4 g5 15. Bg3 Qe6 16. Re1 Ne4 17. Bd3 g4 18. Nh4 gxh3 19. f3 Rhg8 20. fxe4 Rxg3 21. Nxf5 Rxg2+ 22. Kh1 Qf6 23. Qf3 Rdg8 24. exd5 R8g3 25. dxc6 Rxf3 26. Re8+ Qd8 27. Ne7+ 1-0

[Event "TUR-chT 2nd League"]
[Site "Konya"]
[Date "2018.07.19"]
[Round "6.11"]
[White "Unal, Osman"]
[Black "Kilicbay, Mustafa"]
[Result "0-1"]
[WhiteElo "1855"]
[BlackElo "1889"]
[PlyCount "78"]
[EventDate "2018.07.16"]
[EventType "team-swiss"]
[EventRounds "9"]
[EventCountry "TUR"]
[SourceTitle "EXT 2019"]
[Source "ChessBase"]
[SourceDate "2018.10.10"]
[SourceVersion "1"]
[SourceVersionDate "2018.10.10"]
[SourceQuality "1"]
[WhiteTeam "Gulbahcesi Egitim"]
[BlackTeam "Istanbul Sisli"]
[WhiteTeamCountry "TUR"]
[BlackTeamCountry "TUR"]

1. e4 e5 2. Nf3 Nf6 3. Nc3 Bb4 4. Bc4 d6 5. d3 h6 6. h3 c6 7. 0-0 0-0 8. Be3 d5 9. Nxe5 dxc4 10. Nxc4 Be6 11. Ne5 Qa5 12. f4 Bxc3 13. bxc3 Qxc3 14. Nf3 Rd8 15. f5 Bc8 16. e5 Nh7 17. f6 gxf6 18. Bxh6 Nd7 19. Bd2 Qc5+ 20. d4 Qf8 21. Nh4 fxe5 22. Nf5 Ndf6 23. Bh6 Qb4 24. Rb1 Qc4 25. Ne7+ Kh8 26. Qe1 Qxd4+ 27. Kh1 Be6 28. Rxb7 Qe4 29. Qg3 Nh5 30. Qc3 Rg8 31. Nxg8 Rxg8 32. Rf3 Bxh3 33. gxh3 Qg6 34. Qxe5+ f6 35. Bg7+ Nxg7 36. Qc7 Ne6 37. Rg3 Qe4+ 38. Kh2 Nxc7 39. Rxc7 Qe5 0-1

[Event "TUR-chT 2nd League"]
[Site "Konya"]
[Date "2018.07.16"]
[Round "1.10"]
[White "Dogdu, Mehmet"]
[Black "Unal, Osman"]
[Result "0-1"]
[WhiteElo "1964"]
[BlackElo "1855"]
[PlyCount "66"]
[EventDate "2018.07.16"]
[EventType "team-swiss"]
[EventRounds "9"]
[EventCountry "TUR"]
[SourceTitle "EXT 2019"]
[Source "ChessBase"]
[SourceDate "2018.10.10"]
[SourceVersion "1"]
[SourceVersionDate "2018.10.10"]
[SourceQuality "1"]
[WhiteTeam "Konya Erkin"]
[BlackTeam "Gulbahcesi Egitim"]
[WhiteTeamCountry "TUR"]
[BlackTeamCountry "TUR"]

1. d4 d5 2. c4 e6 3. Nf3 Nf6 4. e3 Nbd7 5. Nc3 Be7 6. Bd3 dxc4 7. Bxc4 0-0 8. 0-0 c5 9. Qe2 a6 10. Rd1 b5 11. Bd3 c4 12. Bc2 Bb7 13. e4 Qc7 14. a3 e5 15. dxe5 Nxe5 16. Bf4 Nxf3+ 17. Qxf3 Qc6 18. Bg5 Rfd8 19. Nd5 Nxd5 20. exd5 Qc5 21. Qe4 Bxg5 22. Qxh7+ Kf8 23. Re1 f6 24. Bg6 Qxd5 25. Qh8+ Qg8 26. Qh3 Bh6 27. Rad1 Rd5 28. Qg3 Rxd1 29. Rxd1 Qe6 30. f4 f5 31. h4 Bxf4 32. Qxf4 Qxg6 33. Rd2 Re8 0-1

[Event "TUR-chT 2nd League"]
[Site "Konya"]
[Date "2017.07.20"]
[Round "6.14"]
[White "Ozsakallioglu, Okan"]
[Black "Unal, Osman"]
[Result "0-1"]
[WhiteElo "1983"]
[BlackElo "1843"]
[PlyCount "79"]
[EventDate "2017.07.17"]
[EventType "team-swiss"]
[EventRounds "9"]
[EventCountry "TUR"]
[SourceTitle "CBM 179 Extra"]
[Source "ChessBase"]
[SourceDate "2017.08.23"]
[SourceVersion "1"]
[SourceVersionDate "2017.08.23"]
[SourceQuality "1"]
[WhiteTeam "Bolu Koroglu"]
[BlackTeam "Ordu Gul Bahcesi"]
[WhiteTeamCountry "TUR"]
[BlackTeamCountry "TUR"]

1. e4 e5 2. Nc3 Nc6 3. Bc4 Nf6 4. d3 Bc5 5. Bg5 h6 6. Bh4 d6 7. Na4 Bb6 8. Nxb6 axb6 9. c3 Be6 10. Bxe6 fxe6 11. Bxf6 Qxf6 12. Ne2 Ne7 13. Qd2 Ng6 14. 0-0 Nf4 15. Nxf4 exf4 16. e5 dxe5 17. Rfe1 0-0-0 18. Re4 Rd5 19. Qe2 Rhd8 20. Rd1 Qg5 21. c4 f3 22. Qf1 Rxd3 23. Rxd3 Rxd3 24. h4 Qg6 25. Re1 Rd4 26. g3 Rxh4 27. Rxe5 Re4 28. Rb5 Re2 29. Rb3 Qe4 30. Kh2 Re1 31. Qd3 Qxd3 32. Rxd3 Re5 33. g4 Re4 34. Kg3 Rxc4 35. Rxf3 Rc2 36. Rf7 e5 37. Re7 Rxb2 38. Re6 Rxa2 39. Z0 Ra5 40. Kf3 0-1

[Event "TUR-chT 2nd League"]
[Site "Konya"]
[Date "2017.07.18"]
[Round "3.12"]
[White "Unal, Osman"]
[Black "Soylemez, Baris"]
[Result "1-0"]
[WhiteElo "1843"]
[BlackElo "1707"]
[PlyCount "65"]
[EventDate "2017.07.17"]
[EventType "team-swiss"]
[EventRounds "9"]
[EventCountry "TUR"]
[SourceTitle "CBM 179 Extra"]
[Source "ChessBase"]
[SourceDate "2017.08.23"]
[SourceVersion "1"]
[SourceVersionDate "2017.08.23"]
[SourceQuality "1"]
[WhiteTeam "Ordu Gul Bahcesi"]
[BlackTeam "Ayidin Nazilli Belediyesi"]
[WhiteTeamCountry "TUR"]
[BlackTeamCountry "TUR"]

1. e4 c6 2. c4 d5 3. cxd5 cxd5 4. exd5 Nf6 5. Nc3 Nxd5 6. d4 Nc6 7. Nf3 Bg4 8. Be2 e6 9. 0-0 Be7 10. h3 Bh5 11. Re1 0-0 12. Qb3 Bxf3 13. Bxf3 Nxd4 14. Qxb7 Nxf3+ 15. gxf3 Nxc3 16. bxc3 Bf6 17. Ba3 Bxc3 18. Bxf8 Qxf8 19. Kh1 Bxa1 20. Rxa1 Qc8 21. Qe4 Rb8 22. Rg1 Qd7 23. Qe5 g6 24. Qxb8+ Kg7 25. Qe5+ f6 26. Qg3 e5 27. Qg4 Qd2 28. Rb1 g5 29. Qe4 Qxf2 30. Rb7+ Kf8 31. Qb4+ Kg8 32. Qc4+ Kh8 33. Qc8# 1-0

[Event "TUR-chT 2nd League"]
[Site "Konya"]
[Date "2017.07.17"]
[Round "1.2"]
[White "Unal, Osman"]
[Black "Rasulov, Vugar Ural Oglu"]
[Result "0-1"]
[WhiteElo "1843"]
[BlackElo "2517"]
[PlyCount "144"]
[EventDate "2017.07.17"]
[EventType "team-swiss"]
[EventRounds "9"]
[EventCountry "TUR"]
[SourceTitle "CBM 179 Extra"]
[Source "ChessBase"]
[SourceDate "2017.08.23"]
[SourceVersion "1"]
[SourceVersionDate "2017.08.23"]
[SourceQuality "1"]
[WhiteTeam "Ordu Gul Bahcesi"]
[BlackTeam "Berk Tugra Caliskan"]
[WhiteTeamCountry "TUR"]
[BlackTeamCountry "TUR"]

1. e4 c5 2. Nc3 a6 3. f4 b5 4. Nf3 Bb7 5. d3 e6 6. Be2 d5 7. exd5 exd5 8. d4 c4 9. 0-0 Nf6 10. Ne5 Be7 11. Bf3 0-0 12. a4 Qb6 13. axb5 axb5 14. Rxa8 Bxa8 15. Be3 Rd8 16. Ne2 Ne4 17. Ng3 Nxg3 18. hxg3 Nd7 19. Nxd7 Rxd7 20. c3 Bc6 21. Qe2 b4 22. Bd2 b3 23. Ra1 Bf8 24. Qe5 Ra7 25. Rxa7 Qxa7 26. Bc1 Qa1 27. Qe3 h6 28. Qd2 Qb1 29. Kf2 Be7 30. Qe3 Bf6 31. Qd2 g6 32. Qe3 Kg7 33. Qd2 h5 34. Qe3 Qf5 35. Qe2 Bd7 36. Qe3 Be6 37. Qe2 Qb1 38. Qe3 Kf8 39. Kf1 Qf5 40. Kf2 Ke7 41. Qe2 Kd6 42. Qe3 Qc2+ 43. Qd2 Qb1 44. Qe3 Bf5 45. Qd2 Be4 46. Qe3 h4 47. g4 Bg7 48. Qd2 f5 49. g5 Kc6 50. Qe3 Bf8 51. Qd2 Kb5 52. Bd1 Bd6 53. Qe3 Ka4 54. Qd2 Ka5 55. Qe3 Kb5 56. Kg1 Ba3 57. Qd2 Qa2 58. Kf2 Ka4 59. bxa3 Qxd2+ 60. Bxd2 Kxa3 61. Bc1+ b2 62. Bxb2+ Kxb2 63. Bh5 Kxc3 64. Bxg6 Kb2 65. Be8 c3 66. Ba4 Bc2 67. Bb5 Bd1 68. g6 Bh5 69. g7 Bf7 70. Ba4 c2 71. Bxc2 Kxc2 72. g4 fxg4 0-1

[Event "Manavgat Turkey Cup"]
[Site "Manavgat"]
[Date "2016.01.30"]
[Round "1"]
[White "Duzme, Mehmet"]
[Black "Unal, Osman"]
[Result "0-1"]
[WhiteElo "1544"]
[BlackElo "1795"]
[PlyCount "134"]
[EventDate "2016.01.30"]
[EventType "swiss"]
[EventRounds "11"]
[EventCountry "TUR"]
[SourceTitle "CBM 170 Extra"]
[Source "ChessBase"]
[SourceDate "2016.02.25"]
[SourceVersion "1"]
[SourceVersionDate "2016.02.25"]
[SourceQuality "1"]

1. d4 d5 2. Bf4 Nf6 3. h3 c5 4. c3 Nc6 5. Nf3 Bf5 6. e3 e6 7. Bb5 Qb6 8. Bxc6+ bxc6 9. Qc1 Bd3 10. Ne5 Ba6 11. f3 Be7 12. Kf2 0-0 13. Nd2 Rfd8 14. Re1 Rac8 15. dxc5 Bxc5 16. b4 Bd6 17. Bh2 c5 18. bxc5 Qxc5 19. Nb1 Qc7 20. f4 Ne4+ 21. Kg1 Nxc3 22. Nxc3 Qxc3 23. Qd1 Bc5 24. Qf3 Bb5 25. Kh1 d4 26. a4 Be8 27. Bg1 f6 28. Rec1 Qd2 29. Nc4 Qd3 30. Nb2 Qb3 31. Nd1 dxe3 32. Nxe3 Bd4 33. Rab1 Qxa4 34. Rxc8 Rxc8 35. Qe4 e5 36. fxe5 Bxe5 37. Qf5 Bd7 38. Qf3 Qc6 39. Qe2 Bxh3 40. Rd1 Be6 41. Ng4 Bb8 42. Bh2 Bxh2 43. Nxh2 Qc4 44. Qd2 Qc2 45. Qd6 Bf7 46. Rf1 Qc6 47. Qg3 Re8 48. Ng4 Bg6 49. Qb3+ Qe6 50. Qa4 Qe4 51. Qb3+ Bf7 52. Qg3 Qg6 53. Qf3 Qh5+ 54. Kg1 Qc5+ 55. Nf2 Bd5 56. Qg3 a5 57. Kh1 Re5 58. Ng4 Rh5+ 59. Nh2 Rg5 60. Ng4 Rh5+ 61. Nh2 Qb6 62. Qg4 Rg5 63. Qc8+ Kf7 64. Qd7+ Kg6 65. Qe8+ Kh6 66. Rg1 Bxg2+ 67. Rxg2 Qb1+ 0-1